MARC

LEADER 00000nam a2200000 i 4500
001 26330
005 20260324181135.0
008 180223e201711 spc|||| ||||o0|0 0 spa|
017 |a DL B 27568-2017  |b Biblioteca de Catalunya 
020 |a 9788498038194 
043 |a e-sp-- 
080 |a Bib-855 
100 |a Castillo Blanco, Federico A.  |e autor  |9 338 
245 1 3 |a La Reinternalización de servicios públicos: aspectos administrativos y laborales /  |c Federico A. Castillo Blanco 
264 1 |a [Barcelona] :  |b Diputació de Barcelona,  |c noviembre 2017 
300 |a 141 pàgines ;  |c 24 cm 
336 |a text  |b txt  |2 rdacontent 
337 |a sense mediació  |b n  |2 rdamedia 
338 |a volum  |b nc  |2 rdacarrier 
490 1 |a Estudios de relaciones laborales ;  |v 11 
504 |a Bibliografia: pàgines 133-140 
650 0 |a Administració local  |x Dret i legislació  |z Espanya  |9 11255 
650 0 |a Serveis municipals  |z Espanya  |x Dret i legislació  |9 44229 
650 0 |a Municipis  |x Govern i administració  |x Espanya  |z Espanya.  |2 Arxiu 
650 0 |a Privatització  |z Espanya  |2 lemac  |9 54013 
710 1 |a Barcelona (Catalunya : Província).  |b Diputació  |9 52408 
710 1 |a Consorci d'Estudis, Mediació i Conciliació a l'Administració Local (Barcelona)  |9 52747 
830 |a Estudis de relacions laborals  |l Castellà ;  |v 11 
908 |a BC 
940 |a BC 
942 |2 udc  |c ARXIU  |n 1 
952 |0 0  |1 0  |4 0  |6 BIB855  |7 1  |9 63096  |a Arxiu  |b Arxiu  |d 2022-07-25  |l 0  |o Bib-855  |p 26330  |r 2022-07-25 00:00:00  |w 2022-07-25  |y ARXIU 
999 |c 82431  |d 82431